000 00538nam a2200181 a 4500
040 _cCaPaEBR
082 0 4 _a968 OXF 1988 A103 Or.
100 1 _aRotberg, Robert I.
245 1 4 _aThe founder
_bCecil Rhodes and the pursuit of power /
260 _aNew York :
_bOxford University Press,
_c1988.
300 _axxii, 800 p. :
_bill., maps.
650 0 _aStatesmen
650 0 _aCapitalists and financiers
700 1 _aShore, Miles F.
710 2 _aebrary, Inc.
856 4 0 _uhttp://site.ebrary.com/lib/yale/Doc?id=10472281
942 _cEK
999 _c14052
_d14052